Uncertainty modelling and interval-valued functions

Salvato in:
Dettagli Bibliografici
Autore principale: Varhaník, Matúš (Autore)
Altri autori: Šeliga, Adam (Relatore della tesi)
Natura: Manoscritto Libro
Lingua:slovacco
inglese
Pubblicazione: 2023
Soggetti:
Accesso online:http://is.stuba.sk/zp/portal_zp.pl?podrobnosti=171270
https://opac.crzp.sk/?fn=detailBiblioForm&sid=C0DEB8E07572332BAD240815805F
Tags: Aggiungi Tag
Nessun Tag, puoi essere il primo ad aggiungerne!!

MARC

LEADER 00000ntm a22000003a 4500
001 stuzp91856
003 SK-STU
005 20230925093551.4
007 ta
008 150427s2015----xo-----f-mn---000-0-slo-d
040 |a STU  |b slo 
041 0 |a eng 
100 1 |a Varhaník, Matúš  |u 010220  |k Z3  |4 aut  |U SvF Stavebná fakulta  |T SvF Katedra matematiky a deskriptívnej geometrie  |X 98398  |U V220  |Y 23  |7 98398 
242 0 1 |a Modelovanie neurčitosti a intervalovo-hodnotové funkcie  |y slo 
245 1 0 |a Uncertainty modelling and interval-valued functions 
260 |c 2023 
650 4 |a intuitionistické množiny  |2 slo 
650 4 |a Pytagorejské množiny  |2 slo 
650 4 |a trojuholníkové normy  |2 slo 
650 4 |a intervalová aritmetika  |2 slo 
650 4 |a phi-intuitionistické hodnoty  |2 slo 
650 4 |a intuitionistic sets  |2 eng 
650 4 |a Pythagorean sets  |2 eng 
650 4 |a triangular norms  |2 eng 
650 4 |a interval arithmetic  |2 eng 
650 4 |a phi-intuitionistic values  |2 eng 
700 1 |a Šeliga, Adam  |u 010220  |k Z2  |4 ths  |U SvF Stavebná fakulta  |T SvF Katedra matematiky a deskriptívnej geometrie  |X 56715  |U V220  |Y 23  |7 56715 
856 4 |u http://is.stuba.sk/zp/portal_zp.pl?podrobnosti=171270 
856 4 |u https://opac.crzp.sk/?fn=detailBiblioForm&sid=C0DEB8E07572332BAD240815805F